00427nam a2200121Ia 4500008004100000245005000041245005000091260000900141650001200150856005100162999001900213952007300232171211s9999 xx 000 0 und d aGradience, Gradualness and Grammaticalization cElizabeth Closs Traugott and Graeme Trousdale c2010 xCULTURE uhttp://down.ebook777.com/063/9789027206718.pdf c347785d347785 001040aCLbCLd2017-12-11l0r2017-12-11 00:00:00w2017-12-11yCBE